000 00473nam a2200169Ia 4500
008 240729s9999 xx 000 0 und d
022 _a2410-0862
245 4 _aThe Iraqi Journal of Agricultural science
260 _aIraq
260 _bBaghdad University
650 _a Agriculture (General) | Agriculture
650 _a Plant culture
650 _aAgriculture
856 _uhttps://doaj.org/toc/229d146415724c6b9d8356d5622ee3d5
942 _2ddc
942 _cDOAJEJ
999 _c67098
_d67098
945 _a1
_bMadushi Gamage
_c1
_dMadushi Gamage